Dictionnaire universel francophone / (Record no. 16783)

000 -LEADER
fixed length control field 00551cam a2200181 a 4500
020 ## - INTERNATIONAL STANDARD BOOK NUMBER
ISBN 2841293459
040 ## - CATALOGING SOURCE
Transcribing agency FUG
082 00 - DEWEY DECIMAL CLASSIFICATION NUMBER
Classification number 034 HAC 1997 A002 Or.
245 00 - TITLE STATEMENT
Title Dictionnaire universel francophone /
260 ## - PUBLICATION, DISTRIBUTION, ETC. (IMPRINT)
Place of publication [Paris] :
Name of publisher Hachette/Edicef ;
-- AUPELF/UREF,
Year of publication 1997.
300 ## - PHYSICAL DESCRIPTION
Number of Pages xii, 1554 p. :
Other physical details col. ill., maps ;
Dimensions 24 cm.
650 #0 - SUBJECT ADDED ENTRY--TOPICAL TERM
Topical Term French language
700 1# - ADDED ENTRY--PERSONAL NAME
Personal name Guillou, Michel.
700 1# - ADDED ENTRY--PERSONAL NAME
Personal name Moingeon, Marc.
700 1# - ADDED ENTRY--PERSONAL NAME
Personal name Demougin, Jacques.
710 2# - ADDED ENTRY--CORPORATE NAME
Corporate name or jurisdiction name as entry element Agence francophone pour l'enseignement supérieur et la recherche.
942 ## - ADDED ENTRY ELEMENTS (KOHA)
Koha item type សៀវភៅភាសាអង់គ្លេស
952 ## - LOCATION AND ITEM INFORMATION (KOHA)
Withdrawn status [LOCAL, KOHA] 0
952 ## - LOCATION AND ITEM INFORMATION (KOHA)
Withdrawn status [LOCAL, KOHA] 0
Holdings
Permanent Location Date acquired Koha item type Lost status Shelving location Barcode Current Location Full call number
Library Block A2018-04-25សៀវភៅភាសាអង់គ្លេស A002A25160Library Block A034 HAC 1997 A002 Or.
Library Block A2018-04-25សៀវភៅភាសាអង់គ្លេស A002A25496Library Block A034 HAC 1997 A002 Or.
មជ្ឈមណ្ឌលឯការនៃសាកលវិទ្យាល័យភូមិន្ទកសិកម្មចំការដូង

Powered by Koha